000 00233nam a22000857a 4500
008 160712b xxu||||| |||| 00| 0 eng d
100 _92661
_a Cherian, T
245 _aThe Sun's Handkerchief
260 _aNew Delhi
_bChildren Book Trust
_c2004
999 _c2314
_d2314